Applied Sociology for Nurses/ (Record no. 1808)

MARC details
000 -LEADER
Fixed length control field 00569nam a2200217Ia 4500
003 - CONTROL NUMBER IDENTIFIER
Control field IIN
005 - DATE AND TIME OF LATEST TRANSACTION
Control field 20250507114215.0
008 - FIXED-LENGTH DATA ELEMENTS--GENERAL INFORMATION
Fixed length control field 250507s2023 xx 001 0 eng d
020 ## - INTERNATIONAL STANDARD BOOK NUMBER / ISBN
Price Rs.565.00
International Standard Book Number 9788131266021
040 ## - CATALOGING SOURCE
Original cataloging agency IIN
Language of cataloging English
082 ## - DEWEY DECIMAL CLASSIFICATION NUMBER
Classification number 610.73
Book Number LOH
100 1# - MAIN ENTRY--PERSONAL NAME
Personal name Lohumi, Shama
245 1# - TITLE STATEMENT
Title Applied Sociology for Nurses/
Statement of responsibility Shama Lohumi and Rakesh Lohumi
250 ## - EDITION STATEMENT
Edition statement 3rd ed
260 ## - IMPRINT
Place of publication New Delhi
Name of publisher Elsevier
Date of publication 2023
300 ## - PHYSICAL DESCRIPTION
Page / Vol. No xi, 378 p.
650 1# - SUBJECT ADDED ENTRY--TOPICAL TERM
Topical term Sociology
650 1# - SUBJECT ADDED ENTRY--TOPICAL TERM
Topical term Sociology
Form subdivision Nursing
700 1# - ADDED ENTRY--PERSONAL NAME
Personal name Lohumi, Rakesh
942 ## - ADDED ENTRY ELEMENTS (KOHA)
Koha item type Books
Holdings
Withdrawn status Lost status Source of classification Damaged status Not for loan Collection code Home library Current library Shelving location Date acquired Price Total Checkouts Call number Accession number Date last seen Price effective from Koha item type
    Dewey Decimal Classification     Purches Book IDEAL INSTITUTE OF NURSING IDEAL INSTITUTE OF NURSING General Stacks 11/03/2025 565.00   610.73 LOH 2003 07/05/2025 07/05/2025 Books
© Ideal Institute Of Nursing, All rights reserved.         Powered by Koha